| 000 | 00522nab a2200145Ia 4500 | ||
|---|---|---|---|
| 003 | ES-SlBCS | ||
| 005 | 20210601125231.0 | ||
| 008 | 140529s1972 xxu||||| |||| 00| 0 eng d | ||
| 041 | _aeng | ||
| 100 | 1 |
_aTragesser, Robert _9155751 |
|
| 245 | 0 | 0 |
_aEidetic Analysis Informal Rigor, and a Phenomenological Critique of Carnap's Notion of Explication _c Robert Tragesser |
| 600 | 1 |
_aCarnap, Rudolf-Explicación _9155752 |
|
| 773 | 0 |
_tPhilosophy and Phenomenological Research _gvol. 33, 1972, págs. 48-61 _wRev1411 |
|
| 942 | _cAR | ||
| 999 |
_c526947 _d526947 |
||